000 01736nam a2200385 a 4500
001 ebr10432126
003 CaPaEBR
006 m u
007 cr cn|||||||||
008 100428s2011 pau sb 001 0 eng d
010 _z 2010018211
020 _z9781439900253 (cloth : alk. paper)
020 _z9781439900260 (pbk. : alk. paper)
020 _z9781439900277 (e-book)
040 _aCaPaEBR
_cCaPaEBR
035 _a(OCoLC)699509824
050 1 4 _aML3820
_b.L83 2011eb
082 0 4 _a780.87
_222
100 1 _aLubet, Alex,
_d1954-
245 1 0 _aMusic, disability, and society
_h[electronic resource] /
_cAlex Lubet.
260 _aPhiladelphia :
_bTemple University Press,
_c2011.
300 _aviii, 199 p.
504 _aIncludes bibliographical references and index.
505 0 _aPiano men, or the right hand doesn't-- no -- Let's face the music and dance : jazz and physical disability -- Play like an Egyptian : music and blind culture -- Losing-- my religion : music, disability, gender, and Jewish and Islamic law -- Bringing it all back home, or teach your children-- well?.
533 _aElectronic reproduction.
_bPalo Alto, Calif. :
_cebrary,
_d2011.
_nAvailable via World Wide Web.
_nAccess may be limited to ebrary affiliated libraries.
650 0 _aMusic
_xPerformance
_xPhysiological aspects.
650 0 _aDisabilities
_xSocial aspects.
650 0 _aMusicians with disabilities.
650 0 _aBlind musicians.
650 0 _aMusic
_xReligious aspects.
650 0 _aDisability studies.
655 7 _aElectronic books.
_2local
710 2 _aebrary, Inc.
856 4 0 _uhttp://site.ebrary.com/lib/rucke/Doc?id=10432126
_zAn electronic book accessible through the World Wide Web; click to view
999 _c233628
_d233628